00472nam a22001697a 450000500170000000800410001702000180005804000210007604100080009708200150010510000320012024500640015225000130021626000420022930000100027165000210028120220926094426.0220926b ||||| |||| 00| 0 eng d a9789353593773 aIN-DiNCcIN-DiNC deng a519.5bBHO aBhowal, Manoj Kumareauthor aFundamentals of business statistics/cby Manoj Kumar Bhowal aRev. ed. aLudhiana:bKalyani publishers,c2022. a248p. aStatistical data